Οι αθώοι
Αποθηκεύτηκε σε:
| Κύριος συγγραφέας: | |
|---|---|
| Άλλοι συγγραφείς: | |
| Μορφή: | Βιβλίο |
| Γλώσσα: | Greek German |
| Δημοσίευση: |
Αθήνα :
Κριτική,
1989.
|
| Σειρά: | Εν πλω
43 |
| Θέματα: | |
| Ετικέτες: |
Προσθήκη ετικέτας
Δεν υπάρχουν, Καταχωρήστε ετικέτα πρώτοι!
|
MARC
| LEADER | 00000cam a2200000 i 4500 | ||
|---|---|---|---|
| 001 | 1/54556 | ||
| 008 | 941103s1989 gr | ||| |||| ||gre|| | ||
| 020 | |a 960218017X | ||
| 035 | |a 1994 |c ΒΙΒΛΙΟΘΗΚΗ |l 10045030 | ||
| 040 | |a GR-MyUA |b gre |e AACR2 | ||
| 041 | 1 | |a gre |h ger | |
| 082 | 0 | |a 833 | |
| 100 | 1 | |a Broch, Hermann, |d 1886-1951. | |
| 245 | 1 | 3 | |a Οι αθώοι / |c Herman Broch ; μετάφραση Νίκος Λίβος. |
| 260 | |a Αθήνα : |b Κριτική, |c 1989. | ||
| 300 | |a 353 σ. ; |c 21 εκ. | ||
| 490 | 1 | |a (Εν Πλω ; |v 43) | |
| 500 | |a Τίτλος πρωτοτύπου: Die Schuldlosen. | ||
| 650 | 0 | 0 | |a German fiction. |
| 700 | 1 | |a Λίβος, Νίκος, |e trl | |
| 830 | 0 | |a Εν πλω |v 43 | |
| 852 | |a INST |b LESVOS |e 20230530 |h 833 BRO |p 005100064505 |q 005100064505 |t BK |y 0 | ||
| 852 | |a INST |b SAMOS |e 19941103 |h 833 BRO |p 005300006723 |q 005300006723 |t BK |y 0 | ||
| 909 | |a Σ |b 034769 | ||